When is a `tone` established - a paper from the conference Rent into Tone held on the 10 April 1997, at the University of Central England by the RICS Rating Diploma Holders` Section (Record no. 51562)
[ view plain ]
| 000 -LEADER | |
|---|---|
| fixed length control field | 00930cab a2200217 4500 |
| 001 - CONTROL NUMBER | |
| control field | ABS57834 |
| 008 - FIXED-LENGTH DATA ELEMENTS--GENERAL INFORMATION | |
| fixed length control field | 090401t1997 xxu||||| |||| 00| 0 eng d |
| 035 ## - SYSTEM CONTROL NUMBER | |
| System control number | (Sirsi) u81777 |
| 041 ## - LANGUAGE CODE | |
| Language code of text/sound track or separate title | eng |
| 100 ## - MAIN ENTRY--PERSONAL NAME | |
| Personal name | Brown, P. K. |
| 245 ## - TITLE STATEMENT | |
| Title | When is a `tone` established - a paper from the conference Rent into Tone held on the 10 April 1997, at the University of Central England by the RICS Rating Diploma Holders` Section |
| 260 ## - PUBLICATION, DISTRIBUTION, ETC. | |
| Date of publication, distribution, etc. | 1997 |
| 350 ## - PRICE (NR) (BK AM CF MU VM SE) [OBSOLETE] | |
| Price | 0 |
| 490 ## - SERIES STATEMENT | |
| Series statement | The Impugner (RICS Rating Diploma Holders` Section) |
| Volume/sequential designation | 2(3) October 1997, (14) |
| 520 ## - SUMMARY, ETC. | |
| Summary, etc. | Considers amongst other things, the meaning of `tone of the list`, when is a tone established, the order of dealing with appeals, valuation tribunal decisions, what is the date for tone. Quotes from case law. |
| 650 ## - SUBJECT ADDED ENTRY--TOPICAL TERM | |
| Topical term or geographic name entry element | JAFTON PROPERTIES LTD V PRISK (VO) |
| 650 ## - SUBJECT ADDED ENTRY--TOPICAL TERM | |
| Topical term or geographic name entry element | TONE OF THE LIST |
| 690 ## - LOCAL SUBJECT ADDED ENTRY--TOPICAL TERM (OCLC, RLIN) | |
| Topical term or geographic name as entry element | RATING AND VALUATION |
| 942 ## - ADDED ENTRY ELEMENTS (KOHA) | |
| Suppress in OPAC | 0 |
| 948 ## - LOCAL PROCESSING INFORMATION (OCLC); SERIES PART DESIGNATOR (RLIN) | |
| c (OCLC) | 29/10/1997 |
| Withdrawn status | Lost status | Source of classification or shelving scheme | Damaged status | Not for loan | Home library | Current library | Shelving location | Date acquired | Total Checkouts | Full call number | Barcode | Date last seen | Copy number | Price effective from | Koha item type |
|---|---|---|---|---|---|---|---|---|---|---|---|---|---|---|---|
| Dewey Decimal Classification | London | London | Journal article | 14/09/1999 | ABS57834 | 81777-1001 | 06/08/2019 | 1 | 06/08/2019 | Journal article |